Aves del Huinay: una guía de campo para Chiloé continental e insular
Salvato in:
| Autore principale: | |
|---|---|
| Altri autori: | |
| Natura: | Libro |
| Lingua: | spagnolo inglese |
| Pubblicazione: |
Valparaíso
Universitarias de Valparaíso
2004
|
| Soggetti: | |
| Tags: |
Aggiungi Tag
Nessun Tag, puoi essere il primo ad aggiungerne!!
|
MARC
| LEADER | 00000cam a2200000 a 4500 | ||
|---|---|---|---|
| 001 | UCK6317 | ||
| 003 | CL-VaPUC | ||
| 005 | 20220830074159.0 | ||
| 008 | 050916e20040000CL |||||||||||||||||spa|d | ||
| 999 | |c 314613 |d 314611 | ||
| 020 | |a 9561703580 | ||
| 040 | |c Pontificia Universidad Católica de Valparaíso | ||
| 041 | 0 | 7 | |a spa |2 CL-VaPUC |
| 041 | 0 | 7 | |a eng |2 CL-VaPUC |
| 082 | 0 | 4 | |a 598.072348356 CIS 2004 |2 21 |
| 100 | 0 | |a Cisternas Vega, Marco A |9 495460 | |
| 245 | 1 | 0 | |a Aves del Huinay: una guía de campo para Chiloé continental e insular |
| 246 | 1 | 0 | |a Birds of Huinay: a field guide to continental Chiloe and the islands |
| 260 | |a Valparaíso |b Universitarias de Valparaíso |c 2004 | ||
| 300 | |a 360 páginas | ||
| 583 | |a last modification |c 20120823 12:50:56 |k Rodrigo Vera | ||
| 650 | 0 | |a Ornitología |9 269493 | |
| 650 | 0 | |a Aves |9 262192 | |
| 650 | 0 | |a Distribución geográfica |9 260005 | |
| 650 | 0 | |a Archivo histórico PUCV |9 255554 | |
| 650 | 0 | |a Académicos |x Pontificia Universidad Católica de Valparaíso (PUCV) |9 255553 | |
| 651 | 0 | |a Chiloé |z CHILE |9 265209 | |
| 700 | 0 | |a Martínez Piña, Daniel E |9 495461 | |
| 942 | |c BK |2 ddc | ||
| 945 | |d 20050916 00:00:00 |a jcarroza | ||
| 952 | |0 0 |1 0 |2 ddc |4 0 |6 598_072348356000000_CIS_2004 |7 0 |8 A |9 387141 |a BIBAGR |b BIBAGR |d 2019-11-22 |i 4157974 |o 598.072348356 CIS 2004 |p 4157974 |r 2024-01-30 |t 4 |w 2019-11-22 |y BK |k AGR | ||
| 952 | |0 0 |1 0 |2 ddc |4 0 |6 598_072348356000000_CIS_2004 |7 0 |8 A |9 387142 |a BIBAGR |b BIBAGR |d 2019-11-22 |i 4157966 |l 1 |o 598.072348356 CIS 2004 |p 4157966 |r 2024-01-30 |s 2022-04-26 |t 5 |w 2019-11-22 |y BK |k AGR | ||
| 952 | |0 0 |1 0 |2 ddc |4 0 |6 598_072348356000000_CIS_2004 |7 0 |8 X |9 387143 |a FDOBUD |b FDOBUD |d 2019-11-22 |i 4546164 |o 598.072348356 CIS 2004 |p 4546164 |r 2019-11-22 |t 3 |w 2019-11-22 |y BK_X |k FHP | ||
| 952 | |0 0 |1 0 |2 ddc |4 0 |6 598_072348356000000_CIS_2004 |7 0 |8 A |9 387144 |a BIBCUR |b BIBCUR |d 2019-11-22 |i 4895398 |o 598.072348356 CIS 2004 |p 4895398 |r 2025-04-22 |t 1 |w 2019-11-22 |y BK |k BIO | ||
| 952 | |0 0 |1 0 |2 ddc |3 erb |4 0 |6 598_072348356000000_CIS_2004 |7 0 |8 A |9 387145 |a BIBCUR |b BIBCUR |i 5038944 |o 598.072348356 CIS 2004 |p 5038944 |r 2025-04-22 |t 2 |w 2019-11-22 |y BK |z Catalogado en:20140109 |k BCB | ||